[Event "SVK-ch U16"]
[Site "Liptovsky Mikulas"]
[Date "2017.04.26"]
[Round "7"]
[White "Polak, Marcel"]
[Black "Budzak, Tobias"]
[Result "1-0"]
[WhiteElo "1409"]
[BlackElo "1533"]
[PlyCount "41"]
[EventDate "2017.04.22"]
[EventType "swiss"]
[EventRounds "9"]
[EventCountry "SVK"]
[SourceTitle "CBM 178 Extra"]
[Source "ChessBase"]
[SourceDate "2017.06.22"]
[SourceVersion "1"]
[SourceVersionDate "2017.06.22"]
[SourceQuality "1"]

1. e4 e5 2. Nf3 Nc6 3. c3 Nf6 4. d4 exd4 5. e5 Nd5 6. Qb3 Nb6 7. cxd4 h6 8. Nc3 d6 9. Bf4 dxe5 10. Nxe5 Nxe5 11. dxe5 Be6 12. Qc2 c6 13. Rd1 Qc8 14. b3 Bb4 15. Bd3 0-0 16. 0-0 Bxc3 17. Qxc3 Bf5 18. Bc1 Nd5 19. Qc4 Bxd3 20. Rxd3 Qc7 21. Rxd5 1-0

[Event "SVK-ch U14"]
[Site "Liptovsky Mikulas"]
[Date "2016.04.19"]
[Round "5"]
[White "Budzak, Tobias"]
[Black "Brnusak, Andrej"]
[Result "1/2-1/2"]
[WhiteElo "1355"]
[BlackElo "1737"]
[PlyCount "58"]
[EventDate "2016.04.16"]
[EventType "swiss"]
[EventRounds "9"]
[EventCountry "SVK"]
[SourceTitle "CBM 172 Extra"]
[Source "ChessBase"]
[SourceDate "2016.06.21"]
[SourceVersion "1"]
[SourceVersionDate "2016.06.21"]
[SourceQuality "1"]

1. e4 c5 2. Nf3 e6 3. Bc4 Nc6 4. 0-0 Qc7 5. Nc3 Be7 6. d3 Nf6 7. Ne2 0-0 8. Bf4 e5 9. Be3 a6 10. a3 b5 11. Ba2 Rd8 12. Ng5 d5 13. exd5 Nxd5 14. Ne4 c4 15. N2c3 Nxc3 16. Nxc3 cxd3 17. cxd3 Bb7 18. Qf3 Rf8 19. Nd5 Qd6 20. b4 Nd4 21. Bxd4 exd4 22. Rfe1 Bxd5 23. Qxd5 Rac8 24. Rac1 Qf6 25. Rxc8 Rxc8 26. Qd7 Rc2 27. Qe8+ Bf8 28. Re2 Rc1+ 29. Re1 Rc2 1/2-1/2

[Event "SVK-ch U14"]
[Site "Tatralandia"]
[Date "2015.04.19"]
[Round "2"]
[White "Zahorcek, Jakub"]
[Black "Budzak, Tobias"]
[Result "1-0"]
[WhiteElo "1238"]
[BlackElo "1000"]
[PlyCount "151"]
[EventDate "2015.04.18"]
[EventType "swiss"]
[EventRounds "9"]
[EventCountry "SVK"]
[SourceTitle "CBM 166 Extra"]
[Source "ChessBase"]
[SourceDate "2015.06.18"]
[SourceVersion "1"]
[SourceVersionDate "2015.06.18"]
[SourceQuality "1"]

1. e4 e5 2. Nf3 Nc6 3. Bc4 Bc5 4. Nc3 Nf6 5. d3 0-0 6. Bg5 h6 7. Bh4 Be7 8. 0-0 Ng4 9. Bxe7 Qxe7 10. Nd5 Qd8 11. h3 Nf6 12. Qd2 Nxd5 13. Bxd5 Ne7 14. Nxe5 Nxd5 15. exd5 Qf6 16. d4 Qd6 17. c4 c6 18. dxc6 bxc6 19. b4 Qe6 20. Qc3 Ba6 21. a4 f6 22. Ng6 Rfd8 23. b5 cxb5 24. axb5 Bb7 25. Rfe1 Qf7 26. Qd3 Re8 27. d5 d6 28. Nh4 Re5 29. Rxe5 dxe5 30. Nf5 Qd7 31. Qe4 a6 32. Qg4 Kf8 33. Nxh6 Qxg4 34. Nxg4 axb5 35. Rb1 Ba6 36. cxb5 Rb8 37. b6 Ke7 38. Ne3 Kd6 39. Nf5+ Kxd5 40. Nxg7 Kc6 41. Nh5 f5 42. Nf6 Rxb6 43. Rxb6+ Kxb6 44. Nd7+ Kc7 45. Nxe5 Kd6 46. Nf3 Ke6 47. Kh2 Kf6 48. Kg3 Bb5 49. Kf4 Bf1 50. Kg3 Kg6 51. Nd2 Be2 52. f3 Kg5 53. Kf2 Bd3 54. g3 f4 55. Ne4+ Kf5 56. g4+ Kg6 57. h4 Bc4 58. Kg2 Be6 59. Kh3 Kh6 60. h5 Bc4 61. Kh4 Be2 62. g5+ Kh7 63. Kg4 Bc4 64. Kxf4 Bf7 65. g6+ Bxg6 66. hxg6+ Kxg6 67. Ke5 Kf7 68. Kf5 Kf8 69. f4 Kf7 70. Nd2 Kf8 71. Ke6 Ke8 72. f5 Kf8 73. Kf6 Ke8 74. Kg7 Ke7 75. f6+ Ke8 76. f7+ 1-0

[Event "SVK-ch U14"]
[Site "Tatralandia"]
[Date "2015.04.18"]
[Round "1"]
[White "Budzak, Tobias"]
[Black "Varga, Lukas"]
[Result "0-1"]
[WhiteElo "1000"]
[BlackElo "1558"]
[PlyCount "34"]
[EventDate "2015.04.18"]
[EventType "swiss"]
[EventRounds "9"]
[EventCountry "SVK"]
[SourceTitle "CBM 166 Extra"]
[Source "ChessBase"]
[SourceDate "2015.06.18"]
[SourceVersion "1"]
[SourceVersionDate "2015.06.18"]
[SourceQuality "1"]

1. e4 d5 2. exd5 Qxd5 3. Nc3 Qa5 4. d3 Nf6 5. Bd2 Nc6 6. Ne4 Qf5 7. Qf3 Nxe4 8. Qxe4 Qb5 9. Bc3 Bf5 10. Qf4 0-0-0 11. d4 Qd5 12. 0-0-0 e6 13. b3 Nb4 14. Bxb4 Bxb4 15. Nf3 Qa5 16. a4 Ba3+ 17. Kb1 Qc3 0-1